[Event "9th Asia-ch"]
[Site "Mashhad IRI"]
[Date "2011.05.09"]
[Round "8.19"]
[White "Santosh Gujrathi, Vidit"]
[Black "Debashis, Das"]
[Result "1-0"]
[WhiteElo "2495"]
[BlackElo "2392"]
[EventDate "2011.05.02"]
[PlyCount "101"]

1.d4 d5 2.c4 c6 3.Nf3 Nf6 4.Nc3 e6 5.e3 Nbd7 6.Qc2 Bd6 7.Bd3 O-O 8.O-O 
dxc4 9.Bxc4 b5 10.Bd3 Bb7 11.a3 Qe7 12.Bd2 a6 13.b4 a5 14.bxa5 Bxa3 15.Ne5
h6 16.f4 Rfc8 17.Qb3 Bd6 18.Rfc1 Ba6 19.Rc2 Rab8 20.Rac1 Qd8 21.Be2 Rc7 
22.e4 c5 23.Nxb5 Nxe4 24.Qa4 Bxb5 25.Bxb5 Nxe5 26.dxe5 Bxe5 27.fxe5 Nxd2 
28.a6 c4 29.Kh1 c3 30.Bc6 Nb3 31.a7 Rxa7 32.Qxa7 Nxc1 33.Rxc1 c2 34.Be4 
Rc8 35.Rxc2 Qd1+ 36.Qg1 Rd8 37.Rc1 Qe2 38.Re1 Qb2 39.Qe3 Kf8 40.Bf3 Kg8 
41.h3 Qc2 42.Rc1 Qb2 43.Kh2 Qb4 44.Rc7 Qa5 45.Ra7 Qd2 46.Qe4 g6 47.Qh4 g5 
48.Qg3 Rd4 49.Bh5 Rf4 50.Ra8+ Kh7 51.Ra3 1-0

[Event "9th Asia-ch"]
[Site "Mashhad IRI"]
[Date "2011.05.09"]
[Round "8.20"]
[White "Noroozi, Omid"]
[Black "Darini, Pouria"]
[Result "1-0"]
[WhiteElo "2340"]
[BlackElo "2471"]
[EventDate "2011.05.02"]
[PlyCount "89"]

1.c4 Nf6 2.Nc3 e5 3.Nf3 Nc6 4.e3 Bb4 5.Qc2 Bxc3 6.Qxc3 Qe7 7.a3 O-O 8.b4 
d5 9.cxd5 Nxd5 10.Qb3 Be6 11.Qc2 Bg4 12.Bb2 a6 13.d3 f5 14.Qc4 Bxf3 15.
gxf3 Qf7 16.f4 exf4 17.Rg1 g6 18.e4 Nf6 19.exf5 Qxc4 20.dxc4 Rfe8+ 21.Kd2 
Rad8+ 22.Kc2 Nd4+ 23.Bxd4 Rxd4 24.Bd3 Red8 25.Rad1 g5 26.Rxg5+ Kf8 27.Rgg1
Ne4 28.Be2 Rd2+ 29.Kc1 Rxd1+ 30.Rxd1 Rxd1+ 31.Kxd1 c6 32.Bd3 Nxf2+ 33.Ke2 
Nh3 34.Kf3 Ke7 35.Bf1 Ng5+ 36.Kxf4 Kf6 37.c5 Nf7 38.Bc4 Ne5 39.Be6 a5 40.
Ke4 axb4 41.axb4 Ng4 42.h4 Ke7 43.Bc8 Nf6+ 44.Kd4 Nd5 45.b5 1-0

[Event "9th Asia-ch"]
[Site "Mashhad IRI"]
[Date "2011.05.09"]
[Round "8.21"]
[White "Hussein, Hussein Ali"]
[Black "Yu Ruiyuan"]
[Result "0-1"]
[WhiteElo "2394"]
[BlackElo "2431"]
[EventDate "2011.05.02"]
[PlyCount "182"]

1.Nf3 d5 2.g3 Nf6 3.Bg2 Bg4 4.O-O Nbd7 5.d3 e5 6.Nbd2 Bc5 7.e4 dxe4 8.Nxe4
Nxe4 9.dxe4 O-O 10.h3 Bh5 11.c3 Re8 12.Re1 Bb6 13.Be3 Qe7 14.Qc2 Qf6 15.
Nd2 Bxe3 16.Rxe3 Nc5 17.Nf1 Rad8 18.b4 Ne6 19.Rd3 c6 20.Nh2 Rxd3 21.Qxd3 
Rd8 22.Qe3 a6 23.h4 h6 24.Bf1 g5 25.g4 Bg6 26.h5 Bh7 27.Nf3 Kg7 28.a4 c5 
29.b5 axb5 30.axb5 Qf4 31.Qxf4 exf4 32.Re1 Ra8 33.Bd3 Ra3 34.Rc1 Nd4 35.
Kg2 Nb3 36.Rd1 Na5 37.e5 Rxc3 38.Bxh7 Kxh7 39.e6 fxe6 40.Rd7+ Kg8 41.Nd2 
Kf8 42.Ne4 Rc4 43.Kf3 Rd4 44.Nxc5 Rxd7 45.Nxd7+ Ke7 46.Ne5 Nb3 47.Ke4 Nc5+
48.Kd4 Na4 49.Nc4 Kf6 50.Nd6 b6 51.Nc4 Kf7 52.Ne5+ Ke7 53.Nc4 Kf6 54.Ne5 
Nc3 55.Nd7+ Ke7 56.Nxb6 Nxb5+ 57.Ke5 Nd6 58.f3 Nf7+ 59.Ke4 Kd6 60.Nc4+ Kc5
61.Kd3 e5 62.Kc3 Kd5 63.Nb6+ Ke6 64.Kd3 Nd6 65.Na4 Kd5 66.Nb6+ Ke6 67.Na4 
Ne8 68.Nc5+ Kd6 69.Ne4+ Kd5 70.Nc3+ Ke6 71.Kd2 Nf6 72.Kd3 Kd6 73.Nb5+ Kc6 
74.Nc3 Kc5 75.Na4+ Kd5 76.Nc3+ Ke6 77.Nb5 e4+ 78.Ke2 Kd5 79.Nc7+ Ke5 80.
Na6 Kd4 81.Nb4 exf3+ 82.Kxf3 Nd7 83.Nc6+ Kd5 84.Nb4+ Ke6 85.Kg2 Ne5 86.Kh3
Kd6 87.Na2 Kd5 88.Nc3+ Kd4 89.Nb5+ Ke3 90.Nd6 f3 91.Kg3 f2 0-1

[Event "9th Asia-ch"]
[Site "Mashhad IRI"]
[Date "2011.05.09"]
[Round "8.22"]
[White "Annageldiev, Orazly"]
[Black "Alavi Sayed, Javad"]
[Result "1/2-1/2"]
[WhiteElo "2418"]
[BlackElo "2428"]
[EventDate "2011.05.02"]
[PlyCount "86"]

1.d4 Nf6 2.Nf3 e6 3.c4 d5 4.e3 c5 5.Nc3 a6 6.Be2 dxc4 7.a4 Nc6 8.Bxc4 Be7 
9.O-O O-O 10.dxc5 Bxc5 11.Bd2 b6 12.Ng5 Ne5 13.Be2 Bb7 14.Qb1 h6 15.Nf3 
Nxf3+ 16.Bxf3 Bxf3 17.gxf3 Qd6 18.Rd1 Qe5 19.Qd3 Qg5+ 20.Kh1 Qh4 21.Qf1 
Rfd8 22.Be1 Bd6 23.Qg2 Qc4 24.Rd4 Qc7 25.Rh4 Kh7 26.Ne2 Be5 27.Rc1 Qb7 28.
Bc3 Bxc3 29.Nxc3 g6 30.Rc4 Rd2 31.Ne4 Nxe4 32.fxe4 Rad8 33.Qf3 R2d7 34.Kg2
b5 35.axb5 Qxb5 36.R1c2 Qg5+ 37.Kh3 Kg7 38.Rc6 Rd6 39.R6c5 Qe7 40.Qf4 Rb6 
41.Kg2 Qf6 42.Qxf6+ Kxf6 43.Ra5 Rdb8 1/2-1/2

[Event "9th Asia-ch"]
[Site "Mashhad IRI"]
[Date "2011.05.09"]
[Round "8.23"]
[White "Bakr, Jwan"]
[Black "Pourramezanali, Amirreza"]
[Result "1-0"]
[WhiteElo "2368"]
[BlackElo "2330"]
[EventDate "2011.05.02"]
[PlyCount "67"]

1.e4 e6 2.d4 d5 3.Nd2 Nf6 4.e5 Nfd7 5.c3 c5 6.f4 Nc6 7.Ndf3 Qb6 8.g3 cxd4 
9.cxd4 Bb4+ 10.Kf2 f6 11.Kg2 fxe5 12.fxe5 O-O 13.Bd3 g6 14.Bb1 Be7 15.h4 
Rf7 16.h5 g5 17.Bg6 hxg6 18.hxg6 Rg7 19.Nxg5 Nf8 20.Rh6 Bxg5 21.Bxg5 Qxb2+
22.Kh3 Nxg6 23.Qh5 Qf2 24.Nf3 Nce7 25.Rg1 Kf7 26.Bxe7 Kxe7 27.Qg5+ Kd7 28.
Qf6 Rg8 29.Rh7+ Kc6 30.Qf7 Rh8 31.Qc7+ Kb5 32.Rb1+ Ka4 33.Rxh8 Nxh8 34.Qc3
1-0

[Event "9th Asia-ch"]
[Site "Mashhad IRI"]
[Date "2011.05.09"]
[Round "8.24"]
[White "Khademi, Mohammad Miran"]
[Black "Arabi, Saeid"]
[Result "1-0"]
[WhiteElo "2308"]
[BlackElo "2159"]
[EventDate "2011.05.02"]
[PlyCount "79"]

1.e4 c5 2.c3 Nf6 3.e5 Nd5 4.d4 cxd4 5.Qxd4 e6 6.Bc4 Nc6 7.Qe4 Nb6 8.Bb3 
Be7 9.Nf3 f5 10.Qe2 O-O 11.O-O Kh8 12.a4 d5 13.exd6 Bxd6 14.Ng5 Qf6 15.
Bxe6 Bxe6 16.Qxe6 Rae8 17.Nf7+ Qxf7 18.Qxd6 Nc4 19.Qd1 f4 20.b3 N4e5 21.f3
Qf5 22.Nd2 Rd8 23.Ba3 Rfe8 24.Re1 Qg6 25.Kh1 h6 26.Re2 Nd3 27.Qf1 Nce5 28.
Qg1 b6 29.Rd1 Qh5 30.Qf1 Qf7 31.c4 Ng6 32.Ne4 Qc7 33.Bd6 Qc6 34.Rxd3 Rxe4 
35.Rxe4 Rxd6 36.Rxd6 Qxd6 37.Re8+ Kh7 38.Qe2 Qa3 39.h4 Qa1+ 40.Qe1 1-0

[Event "9th Asia-ch"]
[Site "Mashhad IRI"]
[Date "2011.05.09"]
[Round "8.25"]
[White "Yang Ching Wei, Austin"]
[Black "Sadeh, Shahin"]
[Result "0-1"]
[WhiteElo "1717"]
[BlackElo "2343"]
[EventDate "2011.05.02"]
[PlyCount "54"]

1.e4 g6 2.d4 Bg7 3.Nf3 c6 4.c4 d5 5.cxd5 cxd5 6.e5 Nc6 7.h3 Nh6 8.Nc3 O-O 
9.Bd3 Nf5 10.Bxf5 Bxf5 11.O-O Qd7 12.Be3 Rad8 13.Rc1 f6 14.exf6 Bxf6 15.
Re1 Bg7 16.Nh2 e5 17.Ne2 Rde8 18.Qd2 Rf7 19.dxe5 Nxe5 20.g4 Be4 21.Red1 
Nd3 22.Rc2 d4 23.Ng3 dxe3 24.fxe3 Bf3 25.Nxf3 Rxf3 26.Qg2 Rexe3 27.Nf1 Qd4
0-1

[Event "9th Asia-ch"]
[Site "Mashhad IRI"]
[Date "2011.05.10"]
[Round "9.1"]
[White "Nguyen Ngoc Truong Son"]
[Black "Yu Yangyi"]
[Result "1-0"]
[WhiteElo "2635"]
[BlackElo "2646"]
[EventDate "2011.05.02"]
[PlyCount "68"]

1.g3 d5 2.Bg2 Nf6 3.Nf3 g6 4.O-O Bg7 5.d4 O-O 6.c4 dxc4 7.Na3 c3 8.bxc3 c5
9.Ne5 Nfd7 10.Nec4 Nc6 11.Be3 cxd4 12.cxd4 Nf6 13.d5 Nb4 14.d6 exd6 15.
Nxd6 Qa5 16.Qb3 Nbd5 17.Bd4 Be6 18.Nxb7 Qd2 19.Rad1 Qh6 20.Nc5 Rab8 21.Qd3
Nb4 22.Qd2 Qxd2 23.Rxd2 Bxa2 24.Nc2 Rfd8 25.Nb7 Nxc2 26.Nxd8 Nxd4 27.Rxd4 
Nd5 28.Rd2 Rxd8 29.Rxa2 Nc3 30.Rxa7 Nxe2+ 31.Kh1 Rd2 32.Ra8+ Bf8 33.Rfa1 
Nc3 34.Rc8 Na2 1-0

[Event "9th Asia-ch"]
[Site "Mashhad IRI"]
[Date "2011.05.10"]
[Round "9.2"]
[White "Bu Xiangzhi"]
[Black "Sasikiran, Krishnan"]
[Result "1/2-1/2"]
[WhiteElo "2662"]
[BlackElo "2676"]
[EventDate "2011.05.02"]
[PlyCount "87"]

1.d4 Nf6 2.c4 e6 3.Nc3 Bb4 4.e3 O-O 5.Bd3 c5 6.Nf3 d5 7.O-O Nc6 8.a3 Bxc3 
9.bxc3 dxc4 10.Bxc4 Qc7 11.Ba2 e5 12.h3 Bf5 13.d5 Rad8 14.Qe2 Ne7 15.c4 
Ne4 16.Bb2 f6 17.a4 Ng6 18.Bb1 Nd6 19.Bxf5 Nxf5 20.Qc2 Nd6 21.Nd2 Rfe8 22.
f3 e4 23.f4 Nh4 24.Qd1 Nhf5 25.Qe1 h5 26.g4 hxg4 27.hxg4 Nh6 28.Qh4 Qf7 
29.Kf2 Qg6 30.Rg1 Kf7 31.f5 Qg5 32.Qxg5 fxg5 33.Kg3 Ng8 34.Rh1 Nf6 35.Rab1
Rd7 36.Rbc1 Rc7 37.Nb3 Rcc8 38.Ba3 b6 39.Bb2 Rh8 40.Nd2 Nd7 41.Bc3 a6 42.
Rb1 Rb8 43.Rbc1 Ra8 44.Bb2 1/2-1/2

[Event "9th Asia-ch"]
[Site "Mashhad IRI"]
[Date "2011.05.10"]
[Round "9.3"]
[White "Zhao Jun"]
[Black "Harikrishna, Pentala"]
[Result "0-1"]
[WhiteElo "2574"]
[BlackElo "2666"]
[EventDate "2011.05.02"]
[PlyCount "80"]

1.c4 Nf6 2.Nc3 e6 3.e4 d5 4.e5 d4 5.exf6 dxc3 6.bxc3 Qxf6 7.Nf3 c5 8.Be2 
Nc6 9.O-O e5 10.d3 Be7 11.Ng5 Bf5 12.Rb1 Rd8 13.Qa4 Rd7 14.Ne4 Qg6 15.Be3 
O-O 16.f3 b6 17.Kh1 Rfd8 18.Rbd1 h6 19.Qc2 Bg5 20.Bg1 Be6 21.Bf2 f5 22.Ng3
Ne7 23.a4 Bf4 24.d4 cxd4 25.cxd4 exd4 26.Bd3 Qf7 27.a5 Nc6 28.Bxf5 Bxf5 
29.Nxf5 d3 30.Qa4 Nxa5 31.g4 Nxc4 32.Rb1 Bg5 33.h4 Bf6 34.Rbc1 Nb2 35.Qe4 
d2 36.Rcd1 Nxd1 37.Rxd1 Rc8 38.Qe3 Rc3 39.Qf4 Qd5 40.Kg2 Be5 0-1

[Event "9th Asia-ch"]
[Site "Mashhad IRI"]
[Date "2011.05.10"]
[Round "9.4"]
[White "Zhumabaev, Rinat"]
[Black "Kasimdzhanov, Rustam"]
[Result "1-0"]
[WhiteElo "2558"]
[BlackElo "2685"]
[EventDate "2011.05.02"]
[PlyCount "73"]

1.d4 d5 2.Nf3 Nf6 3.c4 e6 4.g3 Bb4+ 5.Bd2 Be7 6.Bg2 O-O 7.O-O c6 8.Bf4 
Nbd7 9.Nc3 dxc4 10.e4 b5 11.d5 cxd5 12.exd5 Qb6 13.dxe6 fxe6 14.Nd4 Bb7 
15.Nxe6 Bxg2 16.Nxf8 Qc6 17.Nxd7 Nxd7 18.Re1 Bf8 19.Qe2 Nc5 20.Nxb5 Bh3 
21.Qxc4+ Kh8 22.f3 Qxf3 23.Qe2 Qc6 24.Nd4 Qd5 25.Red1 Re8 26.Qf3 Qd7 27.
Nc2 Qf7 28.Ne3 Bc8 29.Qd5 Qg6 30.Rac1 Bb7 31.Qf5 Qb6 32.Qf7 Bc6 33.Nc4 Qb5
34.Ne5 Be4 35.Qc4 Qxc4 36.Rxc4 Bf5 37.Rdc1 1-0

[Event "9th Asia-ch"]
[Site "Mashhad IRI"]
[Date "2011.05.10"]
[Round "9.5"]
[White "Negi, Parimarjan"]
[Black "So, Wesley"]
[Result "1/2-1/2"]
[WhiteElo "2622"]
[BlackElo "2667"]
[EventDate "2011.05.02"]
[PlyCount "76"]

1.e4 e6 2.d4 d5 3.Nc3 Nf6 4.Bg5 dxe4 5.Nxe4 Be7 6.Bxf6 gxf6 7.Nf3 f5 8.Nc3
a6 9.g4 fxg4 10.Ne5 c5 11.Qxg4 Qxd4 12.Qg7 Rf8 13.Rd1 Qf4 14.Qg3 Qxg3 15.
hxg3 Rh8 16.Bg2 Ra7 17.Ne4 b5 18.Nd6+ Bxd6 19.Rxd6 Rc7 20.Ke2 Ke7 21.Rhd1 
f6 22.Rb6 fxe5 23.Rxb8 h5 24.Rh1 c4 25.c3 Rd7 26.Bf3 Rhd8 27.Rxh5 Rd2+ 28.
Kf1 Rxb2 29.Rh7+ Kf6 30.Rc7 e4 31.Bxe4 Rdd2 32.Rbxc8 Rxf2+ 33.Kg1 Ke5 34.
Bb7 Rfc2 35.Rc5+ Kd6 36.R5c6+ Ke5 37.Rc5+ Kd6 38.R5c6+ Ke5 1/2-1/2

[Event "9th Asia-ch"]
[Site "Mashhad IRI"]
[Date "2011.05.10"]
[Round "9.6"]
[White "Moradiabadi, Elshan"]
[Black "Ganguly, Surya Shekhar"]
[Result "1-0"]
[WhiteElo "2536"]
[BlackElo "2643"]
[EventDate "2011.05.02"]
[PlyCount "109"]

1.d4 Nf6 2.c4 g6 3.g3 Bg7 4.Bg2 d6 5.Nf3 O-O 6.O-O Nbd7 7.Nc3 e5 8.e4 exd4
9.Nxd4 Nc5 10.h3 Re8 11.Re1 Bd7 12.Kh2 h6 13.Rb1 a5 14.Bf4 a4 15.Ndb5 h5 
16.Qd2 Bc6 17.Bg5 Ne6 18.Be3 h4 19.g4 g5 20.Kg1 Nd7 21.Nd5 Ne5 22.Qc2 Ng6 
23.Rbd1 Be5 24.Bf1 b6 25.Qd2 Ngf4 26.Nbc3 Ra5 27.Qc2 Kg7 28.Nb4 Bd7 29.Nd3
Nxd3 30.Rxd3 Bc6 31.Bg2 Bf4 32.Nd5 Be5 33.Qd2 Bb7 34.Rc1 Bxd5 35.cxd5 Nf4 
36.Ra3 Qf6 37.Rc2 Rea8 38.Bf1 R8a7 39.Qb4 Nxh3+ 40.Bxh3 Qf3 41.Qe1 Qxe4 
42.Qd1 Rxd5 43.Rd2 Rxd2 44.Bxd2 Bxb2 45.Bg2 Qd4 46.Qc2 f5 47.Rc3 a3 48.Rc4
Qf6 49.gxf5 Qe7 50.Rg4 Bf6 51.Bc3 Kh6 52.Re4 Be5 53.Bxe5 dxe5 54.Qc6+ Qd6 
55.Qe8 1-0

[Event "9th Asia-ch"]
[Site "Mashhad IRI"]
[Date "2011.05.10"]
[Round "9.7"]
[White "Lu Shanglei"]
[Black "Adhiban, Baskaran"]
[Result "1-0"]
[WhiteElo "2473"]
[BlackElo "2543"]
[EventDate "2011.05.02"]
[PlyCount "79"]

1.e4 c5 2.Nf3 d6 3.d4 cxd4 4.Nxd4 Nf6 5.f3 e5 6.Nb3 a5 7.a4 Be7 8.Bb5+ Nc6
9.c4 O-O 10.Be3 Na7 11.Nc3 Be6 12.Qd3 Nxb5 13.axb5 Nh5 14.O-O Bg5 15.Ra4 
Nf4 16.Qd2 b6 17.g3 Nh3+ 18.Kg2 Bxe3 19.Qxe3 Ng5 20.h4 Bh3+ 21.Kf2 Bxf1 
22.hxg5 Bh3 23.g4 h5 24.Kg3 hxg4 25.fxg4 Bxg4 26.Kxg4 f5+ 27.exf5 Qd7 28.
Kg3 g6 29.Qf3 gxf5 30.Ra1 Kg7 31.Kg2 Rh8 32.Nd5 Raf8 33.Rh1 Kg6 34.Rxh8 
Rxh8 35.Ne3 f4 36.Nd5 Kxg5 37.Nd2 Qf5 38.Ne4+ Kh4 39.Qf2+ Kh5 40.Ng3+ 1-0

[Event "9th Asia-ch"]
[Site "Mashhad IRI"]
[Date "2011.05.10"]
[Round "9.8"]
[White "Zhou Weiqi"]
[Black "Paragua, Mark"]
[Result "1-0"]
[WhiteElo "2610"]
[BlackElo "2542"]
[EventDate "2011.05.02"]
[PlyCount "128"]

1.d4 d5 2.c4 c6 3.Nc3 Nf6 4.e3 g6 5.Nf3 Bg7 6.Bd3 O-O 7.O-O dxc4 8.Bxc4 
Bg4 9.h3 Bxf3 10.Qxf3 Nbd7 11.Rd1 e5 12.d5 e4 13.Nxe4 Nxe4 14.Qxe4 Nb6 15.
Bb3 cxd5 16.Bxd5 Re8 17.Qf3 Nxd5 18.Rxd5 Qc7 19.e4 Qe7 20.Be3 Qxe4 21.Qxe4
Rxe4 22.Rad1 Bxb2 23.Rb5 Bc3 24.Rxb7 Rb4 25.Rdd7 Rxb7 26.Rxb7 a6 27.Kf1 
Kg7 28.Ke2 Rc8 29.Rb6 a5 30.a3 Rd8 31.Rb3 Bf6 32.Rb5 Ra8 33.a4 Bc3 34.Kd3 
Bb4 35.Bd4+ Kf8 36.Bf6 Be7 37.Bc3 Bd8 38.Kc4 Ke8 39.g4 Kd7 40.Kd5 Bc7 41.
f4 Ra6 42.Be5 f6 43.Bxc7 Kxc7 44.Rc5+ Kd7 45.f5 gxf5 46.gxf5 h6 47.Rb5 Kc7
48.Ke4 Kd6 49.Kd4 Kc6 50.Rb3 Kc7 51.Rg3 Rb6 52.Kc5 Rb4 53.Rg4 Rb3 54.Rg7+ 
Kd8 55.Kd6 Rb6+ 56.Kd5 Rb3 57.Ke6 Rxh3 58.Rd7+ Kc8 59.Rd4 Rb3 60.Kxf6 Rb4 
61.Rd6 Rf4 62.Ke5 Kc7 63.Rd5 Rf2 64.f6 Kc6 1-0

[Event "9th Asia-ch"]
[Site "Mashhad IRI"]
[Date "2011.05.10"]
[Round "9.9"]
[White "Wen Yang"]
[Black "Gomez, John Paul"]
[Result "1/2-1/2"]
[WhiteElo "2545"]
[BlackElo "2538"]
[EventDate "2011.05.02"]
[PlyCount "74"]

1.d4 Nf6 2.c4 e6 3.g3 c5 4.d5 exd5 5.cxd5 b5 6.Nf3 d6 7.Bg2 g6 8.O-O Bg7 
9.a4 b4 10.e4 O-O 11.Re1 Re8 12.Nbd2 Ba6 13.e5 dxe5 14.Nxe5 Bb7 15.Nc6 Qd7
16.Ne5 Qd8 17.Nc6 Qd7 18.Rxe8+ Qxe8 19.Nc4 Bxc6 20.Nd6 Qd7 21.dxc6 Nxc6 
22.Be3 Rd8 23.Bxc5 Bf8 24.Qf3 Bxd6 25.Rd1 Qe7 26.Bxd6 Rxd6 27.Rxd6 Qxd6 
28.Qxc6 Qxc6 29.Bxc6 Kf8 30.Kf1 Ke7 31.Ke2 Kd6 32.Bb5 Kc5 33.b3 Kd4 34.Bc4
Nd5 35.Bxd5 Kxd5 36.Ke3 f5 37.f4 a5 1/2-1/2

[Event "9th Asia-ch"]
[Site "Mashhad IRI"]
[Date "2011.05.10"]
[Round "9.10"]
[White "Barbosa, Oliver"]
[Black "Kunte, Abhijit"]
[Result "1/2-1/2"]
[WhiteElo "2506"]
[BlackElo "2526"]
[EventDate "2011.05.02"]
[PlyCount "60"]

1.d4 Nf6 2.c4 e6 3.Nf3 Bb4+ 4.Bd2 c5 5.g3 b6 6.Bg2 Bb7 7.O-O Bxd2 8.Nbxd2 
cxd4 9.Nxd4 Bxg2 10.Kxg2 O-O 11.Rc1 d6 12.Qb3 a6 13.Rfd1 Qc7 14.Qf3 Nbd7 
15.Qc6 Rfc8 16.Qxc7 Rxc7 17.Rc2 Rac8 18.Rdc1 d5 19.cxd5 Rxc2 20.Rxc2 Rxc2 
21.Nxc2 Nxd5 22.h3 f6 23.e4 Nc7 24.Kf3 e5 25.Ke3 Kf7 26.h4 h5 27.f3 Ke6 
28.Nb4 a5 29.Nc2 Kd6 30.a3 Kc6 1/2-1/2

[Event "9th Asia-ch"]
[Site "Mashhad IRI"]
[Date "2011.05.10"]
[Round "9.11"]
[White "Ghaem Maghami, Ehsan"]
[Black "Ismagambetov, Anuar"]
[Result "1/2-1/2"]
[WhiteElo "2606"]
[BlackElo "2500"]
[EventDate "2011.05.02"]
[PlyCount "142"]

1.c4 c5 2.Nf3 Nc6 3.d4 cxd4 4.Nxd4 Nf6 5.Nc3 e6 6.a3 Bc5 7.Nb3 Be7 8.e4 
O-O 9.Be2 b6 10.O-O d6 11.Be3 Bb7 12.f4 Rc8 13.Qd3 Qc7 14.Rac1 Qb8 15.Nd2 
Rfd8 16.Bf3 Bf8 17.Rfd1 g6 18.b4 h5 19.Qe2 Ne7 20.Bf2 Bg7 21.Bh4 Re8 22.
Nb3 a6 23.Bf2 Ng4 24.Bxg4 hxg4 25.Na4 b5 26.Nb6 Rcd8 27.cxb5 axb5 28.Na5 
d5 29.Qxb5 Ba8 30.e5 g5 31.Qe2 gxf4 32.Nxa8 Qxa8 33.Qxg4 Ng6 34.Bd4 Rc8 
35.h4 Kh7 36.Qh5+ Kg8 37.Qg5 Kh7 38.Qh5+ Kg8 39.Qg4 Kh7 40.h5 Ne7 41.Qxf4 
Nf5 42.Qf2 Bh6 43.Rxc8 Rxc8 44.g4 Rg8 45.Qf3 Qb8 46.Bf2 Qxe5 47.Kh1 Nd6 
48.Bg3 Qe4 49.Rf1 Nf5 50.gxf5 Rxg3 51.Qxe4 dxe4 52.fxe6 fxe6 53.Re1 Rxa3 
54.Rxe4 Rh3+ 55.Kg2 Rxh5 56.Rxe6 Bf8 57.Nc6 Rf5 58.Re4 Kg6 59.Ne5+ Kg7 60.
b5 Bd6 61.Nc4 Rxb5 62.Nxd6 Rb3 63.Nc4 Kf7 64.Ne3 Ra3 65.Kf3 Rb3 66.Kf4 Rb2
67.Ng4 Rb1 68.Kf5 Rf1+ 69.Kg5 Rg1 70.Re2 Rg3 71.Re1 Rb3 1/2-1/2

[Event "9th Asia-ch"]
[Site "Mashhad IRI"]
[Date "2011.05.10"]
[Round "9.12"]
[White "Laylo, Darwin"]
[Black "Hou Yifan"]
[Result "1/2-1/2"]
[WhiteElo "2516"]
[BlackElo "2612"]
[EventDate "2011.05.02"]
[PlyCount "29"]

1.d4 Nf6 2.c4 e6 3.Nf3 d5 4.g3 Be7 5.Bg2 O-O 6.O-O dxc4 7.Qc2 a6 8.a4 Bd7 
9.Qxc4 Bc6 10.Bg5 Bd5 11.Qd3 Be4 12.Qc4 Bd5 13.Qd3 Be4 14.Qc4 Bd5 15.Qd3 
1/2-1/2

[Event "9th Asia-ch"]
[Site "Mashhad IRI"]
[Date "2011.05.10"]
[Round "9.13"]
[White "Gopal, Geetha Narayanan"]
[Black "Santosh Gujrathi, Vidit"]
[Result "1/2-1/2"]
[WhiteElo "2592"]
[BlackElo "2495"]
[EventDate "2011.05.02"]
[PlyCount "60"]

1.e4 c6 2.d4 d5 3.e5 Bf5 4.Nf3 e6 5.Be2 c5 6.Be3 cxd4 7.Nxd4 Ne7 8.Nd2 
Nbc6 9.N2f3 Bg4 10.O-O Bxf3 11.Nxf3 Ng6 12.Bb5 Qc7 13.c4 dxc4 14.Rc1 Be7 
15.Rxc4 O-O 16.Bxc6 bxc6 17.Bc5 Rfd8 18.Qc2 Bxc5 19.Rxc5 Rac8 20.g3 Rd5 
21.Re1 Qd7 22.Kg2 h6 23.Rc1 Ne7 24.Qe4 Rd8 25.b4 Qb7 26.Qc4 Rd3 27.Qe4 Qa6
28.Qc4 Qb7 29.Qe4 Qa6 30.Qc4 Qb7 1/2-1/2

[Event "9th Asia-ch"]
[Site "Mashhad IRI"]
[Date "2011.05.10"]
[Round "9.14"]
[White "Gao Rui"]
[Black "Cao Sang"]
[Result "0-1"]
[WhiteElo "2419"]
[BlackElo "2547"]
[EventDate "2011.05.02"]
[PlyCount "148"]

1.e4 e6 2.d4 d5 3.Nc3 Bb4 4.e5 c5 5.a3 Bxc3+ 6.bxc3 Qa5 7.Bd2 Qa4 8.Qg4 g6
9.Nf3 c4 10.Kd1 Nc6 11.h4 h6 12.h5 g5 13.Bxg5 hxg5 14.Qxg5 Nge7 15.Qf6 Rf8
16.h6 Ng6 17.h7 Nh8 18.Rh3 Qa5 19.Rg3 Qd8 20.Qh6 Ne7 21.Nh4 Neg6 22.Nxg6 
fxg6 23.Be2 Kd7 24.Kd2 Kc7 25.f4 Bd7 26.Rh3 Qe7 27.g3 Rf7 28.a4 a5 29.Bg4 
b6 30.Rh2 Raf8 31.Ke3 Rg7 32.Qh3 Rff7 33.Rah1 Qe8 34.Kd2 Re7 35.Qh6 Qf8 
36.Ra1 Bc8 37.Qh4 Qe8 38.Qh3 Qd7 39.Qg2 Ref7 40.Rh6 Qe8 41.Qh3 Bd7 42.Ke3 
Re7 43.Kd2 Qf7 44.Qh4 Qf8 45.Qh2 Kb7 46.Qh4 Qe8 47.Qh3 Bc8 48.Qh4 Qd7 49.
Qh3 Re8 50.Ke3 Qe7 51.Kd2 Bd7 52.Qh2 Bc6 53.Qh3 Qd7 54.Ke3 Rge7 55.Rb1 Kc7
56.Qh1 Rb8 57.Kd2 Bxa4 58.f5 exf5 59.Bf3 Bc6 60.Qh4 Rbe8 61.g4 Rf7 62.Qg3 
Kb7 63.g5 Qd8 64.Qh2 Ree7 65.Ke2 Qd7 66.Qf4 Ka7 67.Qc1 Bb7 68.Qb2 Re6 69.
Rhh1 Rg7 70.Ke3 Qe7 71.Kf4 Nf7 72.Rbg1 Rxe5 73.h8=Q Qc7 74.Kg3 Re8+ 0-1

[Event "9th Asia-ch"]
[Site "Mashhad IRI"]
[Date "2011.05.10"]
[Round "9.15"]
[White "Lou Yiping"]
[Black "Megaranto, Susanto"]
[Result "1/2-1/2"]
[WhiteElo "2435"]
[BlackElo "2529"]
[EventDate "2011.05.02"]
[PlyCount "155"]

1.d4 Nf6 2.c4 c6 3.Nc3 d5 4.e3 a6 5.Nf3 Bg4 6.Qb3 Ra7 7.Ne5 Be6 8.c5 Nbd7 
9.f4 g6 10.Be2 Bg7 11.O-O O-O 12.Na4 Qc7 13.Nxd7 Nxd7 14.Bd2 Raa8 15.Be1 
Rae8 16.g4 Nf6 17.f5 Bc8 18.Bg3 Qd7 19.Nb6 Qd8 20.Qc2 Ne4 21.Bh4 Bf6 22.
Bxf6 exf6 23.Bd3 Kg7 24.Qg2 Rh8 25.Rf4 g5 26.Rxe4 dxe4 27.Be2 h5 28.h3 
hxg4 29.Bxg4 Be6 30.fxe6 fxe6 31.Qxe4 f5 32.Qe5+ Qf6 33.Qxf6+ Kxf6 34.Bf3 
Rxh3 35.Nd7+ Ke7 36.Ne5 f4 37.exf4 gxf4 38.Kf2 Rd8 39.Bg2 Rh5 40.Nf3 Kd7 
41.Re1 Rf8 42.Bf1 Rf6 43.Bc4 Rh8 44.Rg1 Rh7 45.b4 Kc7 46.Re1 Rg7 47.Rxe6 
Rxe6 48.Bxe6 Rg3 49.Bc4 Kd8 50.Bb3 Kc7 51.Ne5 Re3 52.Ng6 Re4 53.Nf8 Kc8 
54.Be6+ Kb8 55.d5 cxd5 56.Bxd5 Rd4 57.Bb3 Rxb4 58.Kf3 Kc8 59.Ne6 Kd7 60.
Nxf4 Kc6 61.Nd3 Rh4 62.Ke3 b6 63.cxb6 Kxb6 64.Kd2 Rg4 65.Kc3 Rh4 66.Bc4 
Rg4 67.a3 Ka5 68.Nb2 Rh4 69.Kb3 Rh3+ 70.Bd3 Rg3 71.a4 Kb6 72.Kb4 a5+ 73.
Kc3 Kc5 74.Nd1 Rg4 75.Bc2 Rg3+ 76.Kb2 Kb4 77.Nf2 Ra3 78.Nd3+ 1/2-1/2

[Event "9th Asia-ch"]
[Site "Mashhad IRI"]
[Date "2011.05.10"]
[Round "9.16"]
[White "Sethuraman, Panayapan"]
[Black "Yang Kaiqi"]
[Result "1-0"]
[WhiteElo "2527"]
[BlackElo "2409"]
[EventDate "2011.05.02"]
[PlyCount "135"]

1.d4 d5 2.c4 e6 3.Nf3 c5 4.dxc5 Bxc5 5.a3 Nf6 6.b4 Be7 7.e3 a5 8.b5 Nbd7 
9.cxd5 Nxd5 10.Bb2 Bf6 11.Nd4 Nc5 12.Qc2 Qe7 13.Nd2 e5 14.N4f3 e4 15.Bxf6 
Nxf6 16.Nd4 Bg4 17.h3 Bd7 18.Be2 Rc8 19.O-O O-O 20.Nc4 Nd5 21.Nxa5 Qg5 22.
Kh2 Nd3 23.Qd2 Qe5+ 24.g3 Rc3 25.Kg2 Qc7 26.Nab3 Qc8 27.Rh1 Bxb5 28.Nxb5 
Rxb3 29.Rab1 Qf5 30.Bg4 N5f4+ 31.gxf4 Qxb5 32.Qc2 Qa5 33.Qa2 Rxb1 34.Rxb1 
b5 35.Bf5 Ne1+ 36.Kg3 Re8 37.Qd5 Nc2 38.Qc6 Qa8 39.Qxc2 Qd5 40.Bg4 g5 41.
Qb3 gxf4+ 42.exf4 Qd6 43.Qxb5 Ra8 44.a4 h6 45.Rb3 Qd2 46.Qc6 Rd8 47.Qxe4 
Qc1 48.a5 Qg1+ 49.Qg2 Qa1 50.Rb5 Kh8 51.Rd5 Rb8 52.Kh2 Qc1 53.Qe4 Kg8 54.
a6 Qf1 55.Qg2 Qxa6 56.Be2+ Qg6 57.Qxg6+ fxg6 58.Bd3 Rb6 59.Rd7 Rf6 60.Kg3 
Kh8 61.h4 h5 62.f5 gxf5 63.Kf4 Rg6 64.Bxf5 Rg2 65.f3 Kg8 66.Ke5 Kf8 67.Kf6
Ke8 68.Rd3 1-0

[Event "9th Asia-ch"]
[Site "Mashhad IRI"]
[Date "2011.05.10"]
[Round "9.18"]
[White "Vaibhav, Suri"]
[Black "Yu Ruiyuan"]
[Result "1-0"]
[WhiteElo "2430"]
[BlackElo "2431"]
[EventDate "2011.05.02"]
[PlyCount "75"]

1.e4 d5 2.exd5 Qxd5 3.Nc3 Qa5 4.d4 Nf6 5.Nf3 c6 6.Bd2 Bf5 7.Bc4 e6 8.Qe2 
Nbd7 9.O-O-O Qc7 10.Nh4 Bg6 11.Nxg6 hxg6 12.d5 cxd5 13.Nxd5 Nxd5 14.Bxd5 
O-O-O 15.Bg5 exd5 16.Bxd8 Kxd8 17.Rxd5 Rh5 18.Rxh5 gxh5 19.Qxh5 g6 20.Qh4+
Be7 21.Qh8+ Bf8 22.Rd1 Qc5 23.Qf6+ Ke8 24.Qf3 Qc7 25.Qe3+ Be7 26.Qxa7 Nb6 
27.Kb1 Kf8 28.Qa5 Kg7 29.Qb5 Bf6 30.c3 Nc4 31.Rd7 Qf4 32.Qd5 Be5 33.g3 
Qf5+ 34.Qd3 Qe6 35.Rxb7 Bf6 36.a3 Qe1+ 37.Ka2 Qe6 38.Qd7 1-0

[Event "9th Asia-ch"]
[Site "Mashhad IRI"]
[Date "2011.05.10"]
[Round "9.19"]
[White "Ahmadinia, Ebrahim"]
[Black "Djao Thien Hai"]
[Result "1-0"]
[WhiteElo "2429"]
[BlackElo "2512"]
[EventDate "2011.05.02"]
[PlyCount "71"]

1.e4 c5 2.c3 d5 3.exd5 Qxd5 4.d4 Nc6 5.Nf3 Bg4 6.Be2 e6 7.h3 Bh5 8.Be3 
cxd4 9.cxd4 Nf6 10.Nc3 Qa5 11.O-O Be7 12.Qb3 Qb4 13.g4 Bg6 14.Ne5 O-O 15.
g5 Ne8 16.Qxb4 Nxb4 17.Nd7 Nc2 18.Rac1 Nxe3 19.fxe3 Bxg5 20.Nd1 Nd6 21.
Nxf8 Kxf8 22.Bf3 Ke8 23.Rc3 Kd8 24.Kf2 Bf5 25.Bg2 a5 26.Ke2 Ra6 27.Rc5 h6 
28.Nc3 Bg6 29.Rc1 a4 30.Nb5 Ne4 31.Rc8+ Ke7 32.R8c7+ Kf8 33.Rxb7 Kg8 34.
Rc8+ Kh7 35.Rbb8 Bf5 36.Nc3 1-0

[Event "9th Asia-ch"]
[Site "Mashhad IRI"]
[Date "2011.05.10"]
[Round "9.20"]
[White "Darini, Pouria"]
[Black "Annageldiev, Orazly"]
[Result "1-0"]
[WhiteElo "2471"]
[BlackElo "2418"]
[EventDate "2011.05.02"]
[PlyCount "95"]

1.e4 e5 2.Nf3 Nc6 3.Bb5 a6 4.Ba4 Nge7 5.c3 d5 6.Nxe5 b5 7.Nxc6 Nxc6 8.Bc2 
d4 9.d3 Bd6 10.O-O O-O 11.f4 Kh8 12.Kh1 f5 13.Bb3 Rb8 14.Nd2 dxc3 15.bxc3 
Na5 16.Bc2 b4 17.cxb4 Bxb4 18.Rb1 Be6 19.a3 Bc3 20.Rxb8 Qxb8 21.exf5 Bxf5 
22.Ne4 Bd4 23.Bd2 Nc6 24.Ba4 Ne7 25.Bb4 Qd8 26.Re1 Bxe4 27.dxe4 c5 28.Bd2 
Qc7 29.Bc2 Ng6 30.g3 Rd8 31.Qe2 Qc6 32.h4 Bb2 33.Kh2 Bxa3 34.Ra1 Qb5 35.
Qxb5 Rxd2+ 36.Kh3 axb5 37.Rxa3 Kg8 38.Ra2 Kf8 39.e5 Ke7 40.Ra7+ Rd7 41.Ra5
Rb7 42.Be4 Rb8 43.h5 Nf8 44.f5 Rb6 45.Ra7+ Ke8 46.Rxg7 c4 47.e6 h6 48.Rc7 
1-0